000 00423nam a2200157Ia 4500
003 GCL
008 140319s9999 xx 000 0 eng d
040 _aGCL /
_cGCL
082 0 4 _aCH
_b032
_bK H
100 1 _aKERROD, ROBIN
245 1 0 _aHAMLYN ALL-COLLOUR CHILDREN'S ENCYCLOPEDIA /
_cKERROD, ROBIN
260 _a[S.N] :
_bDEAN ،
_c1993
300 _a240 PP
650 0 4 _aENCYCLOPEDIAS AND DICTIONARIES
942 _2ddc
_cBK
999 _c17841
_d17841